Inorganic Chemistry (Record no. 617273)
[ view plain ]
| 000 -LEADER | |
|---|---|
| fixed length control field | 00615nam a22002177a 4500 |
| 003 - CONTROL NUMBER IDENTIFIER | |
| control field | NUST |
| 005 - DATE AND TIME OF LATEST TRANSACTION | |
| control field | 20260430110411.0 |
| 008 - FIXED-LENGTH DATA ELEMENTS--GENERAL INFORMATION | |
| fixed length control field | 260430b ||||| |||| 00| 0 eng d |
| 020 ## - INTERNATIONAL STANDARD BOOK NUMBER | |
| International Standard Book Number | 978-0-19-923617-6 |
| 082 ## - DEWEY DECIMAL CLASSIFICATION NUMBER | |
| Classification number | 546 |
| Author Mark | ATK |
| 100 ## - MAIN ENTRY--PERSONAL NAME | |
| Personal name | Shriver And Atkins |
| 9 (RLIN) | 134297 |
| 245 ## - TITLE STATEMENT | |
| Title | Inorganic Chemistry |
| Statement of responsibility, etc. | Shriver & Atkins |
| 250 ## - EDITION STATEMENT | |
| Edition statement | 5th |
| 260 ## - PUBLICATION, DISTRIBUTION, ETC. | |
| Place of publication, distribution, etc. | New York |
| Name of publisher, distributor, etc. | Oxford |
| Date of publication, distribution, etc. | 2010 |
| 300 ## - PHYSICAL DESCRIPTION | |
| Extent | 824p. |
| Other physical details | Pb |
| 440 ## - SERIES STATEMENT/ADDED ENTRY--TITLE | |
| Title | Inorganic Chemistry |
| 9 (RLIN) | 134206 |
| 505 ## - FORMATTED CONTENTS NOTE | |
| Statement of responsibility | Shriver & Atkins |
| Title | Inorganic Chemistry |
| 590 ## - LOCAL NOTE (RLIN) | |
| Linkage (RLIN) | Donation |
| 600 ## - SUBJECT ADDED ENTRY--PERSONAL NAME | |
| Personal name | Shriver & Atkins |
| 9 (RLIN) | 134298 |
| 942 ## - ADDED ENTRY ELEMENTS (KOHA) | |
| Source of classification or shelving scheme | |
| Koha item type | Book |
| Edition | 5th |
| Call number prefix | 546 ATK |
| Call number suffix | 46 ATK 2010 |
| Withdrawn status | Lost status | Source of classification or shelving scheme | Damaged status | Not for loan | Permanent Location | Current Location | Shelving location | Date acquired | Shelving control number | Total Checkouts | Full call number | Barcode | Date last seen | Price effective from | Koha item type |
|---|---|---|---|---|---|---|---|---|---|---|---|---|---|---|---|
| School of Natural Sciences (SNS) | School of Natural Sciences (SNS) | General Stacks | 04/30/2026 | Book Cart | 546 ATK | SNS0003238 | 04/30/2026 | 04/30/2026 | Book |
